Lease reform Bill 'not enough' (Record no. 64488)

MARC details
000 -LEADER
fixed length control field 00934cam a2200253 4500
001 - CONTROL NUMBER
control field WB3633-27
008 - FIXED-LENGTH DATA ELEMENTS--GENERAL INFORMATION
fixed length control field 000000n2000 000 0 eng u
035 ## - SYSTEM CONTROL NUMBER
System control number (Sirsi) u107954
245 ## - TITLE STATEMENT
Title Lease reform Bill 'not enough'
260 ## - PUBLICATION, DISTRIBUTION, ETC.
Date of publication, distribution, etc. 2000
490 ## - SERIES STATEMENT
Series statement Times
Volume/sequential designation 21 August 2000, 12
490 ## - SERIES STATEMENT
Series statement Financial Times
Volume/sequential designation 26/27 August 2000, 6
490 ## - SERIES STATEMENT
Series statement Guardian
Volume/sequential designation 26 August 2000, 15(3)
520 ## - SUMMARY, ETC.
Summary, etc. MPs believe government reforms to the leasehold system do not go far enough to modernise property laws. Changes argued for, include scrapping entirely the concept of leasehold for new buildings and replacing it with commonhold, and removing the concept of 'marriage value'.
590 ## - LOCAL NOTE (RLIN)
Local note WB
650 ## - SUBJECT ADDED ENTRY--TOPICAL TERM
Topical term or geographic name entry element LEASEHOLD REFORM
650 ## - SUBJECT ADDED ENTRY--TOPICAL TERM
Topical term or geographic name entry element COMMONHOLD
650 ## - SUBJECT ADDED ENTRY--TOPICAL TERM
Topical term or geographic name entry element UNITED STATES
650 ## - SUBJECT ADDED ENTRY--TOPICAL TERM
Topical term or geographic name entry element TENURE
650 ## - SUBJECT ADDED ENTRY--TOPICAL TERM
Topical term or geographic name entry element MARRIAGE VALUE
650 ## - SUBJECT ADDED ENTRY--TOPICAL TERM
Topical term or geographic name entry element PROPERTY OWNERSHIP
690 ## - LOCAL SUBJECT ADDED ENTRY--TOPICAL TERM (OCLC, RLIN)
Topical term or geographic name as entry element LANDLORD AND TENANT-LEASEHOLD REFORM
942 ## - ADDED ENTRY ELEMENTS (KOHA)
Suppress in OPAC 0
Holdings
Withdrawn status Lost status Source of classification or shelving scheme Damaged status Not for loan Home library Current library Shelving location Date acquired Total Checkouts Full call number Barcode Date last seen Copy number Price effective from Koha item type
    Dewey Decimal Classification     London London News article 23/08/2000   WB3633-27 107954-1001 06/08/2019 1 06/08/2019 News article